| 000 | 01980cam a22005054i 4500 | ||
|---|---|---|---|
| 003 | PE-LiUPU | ||
| 005 | 20250731172925.0 | ||
| 008 | 150623s r 000 0 d | ||
| 020 | _a019815402X | ||
| 035 | _a(Sirsi) i9780198154020 | ||
| 040 |
_aPE-LiUPU _bspa _cPE-LiUPU _erda |
||
| 049 | _aPRUA | ||
| 082 | 0 | 4 |
_a296.123 _bD15 _221 |
| 100 | 1 |
_aDanby, Herbert, _eautor. |
|
| 245 | 1 | 4 |
_aThe mishnah : _bTranslated from the hebrew with introduction and brief explanatory notes / _cHerbert Danby. |
| 264 | 1 |
_aOxford New York : _bOxford university press, _c1988. |
|
| 300 |
_a844 páginas ; _c22 centímetros |
||
| 336 |
_atext _2rdacontent |
||
| 337 |
_aunmediated _2rdamedia |
||
| 338 |
_avolume _2rdacarrier |
||
| 505 | 0 | _aFirst division, Zeraim. -Second division, moed. -Third division, Nashim. -Fourth division, Nezikin. -Fifth division, Kodashim. -Sixth division, Tohoroth. | |
| 526 | _aSEG42 | ||
| 526 | _aSEG41 | ||
| 526 | _aSEG40 | ||
| 526 | _aSEG39 | ||
| 526 | _aP94 | ||
| 526 | _aP87 | ||
| 526 | _aP86 | ||
| 526 | _aP85 | ||
| 526 | _aP77 | ||
| 526 | _aP76 | ||
| 526 | _aP35 | ||
| 650 | 0 | 4 |
_aManuscritos hebreos _vTraducciones. |
| 650 | 0 | 4 | _aMishná. Inglés. |
| 700 | 1 |
_aDanby, Herbert, _d1889-1953, _eed. y tr. |
|
| 942 |
_2ddc _cBOOK |
||
| 949 |
_a296.123 D15 _wDEWEY _c1 _i37647 _lCCODEBUL1 _mBUL _r0 _sY _tBOOK _u2015-6-24 _xTEOLOGIA _PP35 _0COMPRA _o.STAFF. Colección General |
||
| 949 |
_a296.123 D15 _wDEWEY _c2 _i43876 _lCCODEBUL1 _mBUL _r0 _sY _tBOOK _u2015-6-24 _xTEOLOGIA _PP35 _0COMPRA _o.STAFF. Colección General |
||
| 994 |
_aC0 _bPEPRU |
||
| 596 | _a1 | ||
| 999 |
_a296.123 D15 _wDEWEY _c20299 _i37647 _d20299 _f2021-11-11 _g5 _lCCODEBUL1 _mBUL _q1 _r0 _sY _tBOOK _u2015-6-24 _xTEOLOGIA _PP35 _0COMPRA _o.STAFF. Colección General |
||
| 999 |
_a296.123 D15 _wDEWEY _c2 _i43876 _f2021-11-11 _g5 _lCCODEBUL1 _mBUL _r0 _sY _tBOOK _u2015-6-24 _xTEOLOGIA _PP35 _0COMPRA _o.STAFF. Colección General |
||
| 980 |
_81 _gALBERTO SANCHEZ Responsable de Automatización |
||